The international electronics magazine
Uložené v:
| Médium: | Elektronický zdroj |
|---|---|
| Jazyk: | English |
| Vydané: |
Regus Brentford :
Elektor International Media,
2016.
|
| ISBN: |
9789053812945 |
| Fyzický popis: |
1 DVD-ROM ; 12 cm. |
| Tagy: |
Pridať tag
Žiadne tagy, Buďte prvý kto otaguje tento záznam!
|
Titul je dostupný aj v ... 

MARC
| LEADER | 00000nmm a2200000 a 4500 | ||
|---|---|---|---|
| 001 | 000551721 | ||
| 003 | SVKKK | ||
| 005 | 20170717081502.0 | ||
| 008 | 130320s2016 xxk eng#d | ||
| 020 | |a 9789053812945 | ||
| 040 | |a SVKKK |b slo |c SVKKK |e AACR2 | ||
| 041 | 0 | |a eng | |
| 044 | |a xxk |c UK | ||
| 080 | |a 621.3 |2 2001 | ||
| 245 | 0 | 4 | |a The international electronics magazine |h elektronický zdroj |
| 260 | |a Regus Brentford : |b Elektor International Media, |c 2016. | ||
| 300 | |a 1 DVD-ROM ; |c 12 cm. | ||
| 500 | |a Príloha k časopisu Elektor č. 2/2017 | ||
| 500 | |a All articles from Volume 2016 on DVD-ROM | ||
| 910 | |a svkkk | ||
| 919 | |a 978-90-5381-294-5 | ||
| 998 | |a ER | ||
| 090 | |g SCKHL |k Konzultanti |a DVC.1092 |j 2418 |i 2720343712 |s Príručka / Študovňa | ||
| 924 | |a AVM | ||